000 00329 a2200097 4500
245 0 0 _aSłownictwo teleelektryczne - Magnetyzm Nazwy i określenia PN-72/T-01019 /
_cMin. Przem. Maszynowego.
246 1 3 _aPN-72/T-01019
246 1 3 _a538.3:001.4
260 _aWarszawa :
_bMin. Przem. Maszynowego,
_c1972.
300 _a34 stron ;
_c30 cm.
650 _aPolska norma
999 _c20323
_d20323